Statistics for NFL Players Jersey Numbers

Click here to take the quiz!

General Stats

  • This quiz has been taken 262 times
    (137 since last reset)
  • The average score is 58 of 92

Answer Stats

Player Team PO # % Correct
Drew BreesSaintsQB9
100%
Julio JonesFalconsWR11
99%
Antonio BrownRaidersWR84
91%
Odell Beckham JrBrownsWR13
84%
Derek CarrRaidersQB4
83%
Travis KelceChiefsTE87
83%
Todd Gurley IIRamsRB30
82%
Andrew LuckColtsQB12
82%
Russell WilsonSeahawksQB3
82%
Ezekiel ElliottCowboysRB21
82%
JJ WattTexansDE99
81%
Sam DarnoldJetsQB14
80%
Jameis WinstonBuccaneersQB3
80%
Kirk CousinsVikingsQB8
80%
Alshon JefferyEaglesWR17
79%
Rob GronkowskiPatriotsTE87
79%
Jimmy GrahamPackersTE80
78%
Von MillerBroncosMLB58
78%
Jordan HowardEaglesRB24
77%
Luke KuechlyPanthersMLB59
76%
Larry FitzgeraldCardinalsWR11
76%
Mitchel TrubiskyBearsQB10
75%
Calais CampbellJaguarsDT93
75%
Aaron DonaldRamsDT99
75%
Kam ChancellorSeahawksS31
75%
Jarvis LandryBrownsWR80
75%
Ben RoethlisbergerSteelersQB7
75%
Xavier RhodesVikingsCB29
74%
Tom BradyPatriotsQB12
74%
Cam NewtonPanthersQB1
71%
Tre'Davious WhiteBillsCB27
71%
Alex SmithRedskinsQB11
70%
Matthew StaffordLionsQB9
70%
Josh NormanRedskinsCB24
69%
Marcus MariotaTitansQB8
69%
AJ GreenBengalsWR18
69%
Carson WentzEaglesQB11
67%
Mark Ingram IIRavensRB21
67%
DeShaun WatsonTexansQB4
66%
Richard Sherman49ersCB25
66%
Golden Tate IIIGiantsWR15
65%
Kennan AllenChargersWR13
65%
Myles GarrettBrownsDE95
64%
Marshawn LynchRaidersRB24
62%
LeSean McCoyBillsRB25
61%
Jason Pierre-PaulBuccaneersDE90
61%
Aaron RodgersPackersQB12
61%
TY HiltonColtsWR13
61%
Tyreek HillChiefsWR10
60%
Kyle Juszczyk49ersFB44
60%
Josh RosenDolphinsQB3
60%
Adam ThielenVikingsWR19
59%
Adam VinatieriColtsK4
59%
Patrick PetersonCardinalsCB21
59%
Michael CrabtreeRavensWR15
59%
Case KeenumBroncosQB4
59%
Jimmy Garoppolo49ersQB10
58%
Christian McCaffreyPanthersRB22
58%
Evan EngramGiantsTE88
57%
Khalil MackBearsOLB52
57%
Tyrann MathieuChiefsS32
55%
Teddy BridgewaterSaintsQB5
55%
Jamal AdamsJetsS33
55%
Melvin GordonChargersRB28
54%
Leonard FournetteJaguarsRB27
54%
Cameron JordanSaintsDE94
54%
Marcus PetersRamsCB22
54%
Kenny StillsDolphinsWR10
54%
Joey BosaChargersDE99
53%
Dont'a HightowerPatriotsMLB54
52%
TJ WattSteelersOLB90
52%
Derrick HenryTitansRB22
52%
Malcom ButlerTitansCB21
51%
Kyle FullerBearsCB23
51%
Ha Ha Clinton-DixBearsS20
50%
Jalen RamseyJaguarsCB20
50%
DeMarcus LawrenceCowboysDE90
49%
Sean LeeCowboysMLB50
49%
Geno AtkinsBengalsDT97
49%
Jordan ReedRedskinsTE86
49%
Josh GordonPatriotsWR10
48%
Sebastian JanikowskiSeahawksK11
48%
Cameron WakeDolphinsDE91
46%
Chris Harris JrBroncosCB25
45%
Landon CollinsRedskinsS21
44%
Alex MackFalconsC51
44%
Eric WeddleRamsS32
44%
Reshad JonesDolphinsS20
43%
Michael BennettEaglesDE77
43%
Ansah EzekielLionsDE94
41%
Deion JonesFalconsMLB45
36%
Jerry HughesBillsDE55
29%

Score Distribution

Percentile by Number Answered

Percent of People with Each Score

Your Score History

You have not taken this quiz since the last reset